000 00628nam a22002057a 4500
003 OSt
008 260625b |||||||| |||| 00| 0 eng d
020 _a9788197951602
082 _a746.440954
_bS24T
100 _aSarkar, Smriti Rekha
245 _aTraditional Textiles, Embroideries, Costumes and Jewelleries of India
_cSarkar, Smriti Rekha
260 _aNew Delhi
_bTTPP, New Delhi
_c2025
300 _a231p.
365 _e2495.00, INR
650 _aTextile fabrics $z India.
650 _aEmbroidery India.
650 _aClothing and dress India History.
650 _aJewelry $z India $x History.
942 _2ddc
_cBK
999 _c52311
_d52311